Statistics for Countries with highest labour/trade union density

Click here to take the quiz!

General Stats

  • This quiz has been taken 13 times
  • The average score is 13 of 20

Answer Stats

Union densityContinentAnswer% Correct
39.1%South AmericaBolivia
83%
81.4%North AmericaCuba
83%
67.2%EuropeDenmark
83%
64.6%EuropeFinland
83%
34.4%EuropeItaly
83%
52.5%EuropeNorway
83%
67.0%EuropeSweden
83%
44.9%AsiaChina
75%
90.4%EuropeIceland
75%
43.8%EuropeUkraine
67%
54.2%EuropeBelgium
58%
43.2%AfricaEgypt
58%
32.0%EuropeLuxembourg
58%
35.6%AfricaNiger
58%
39.3%AsiaTaiwan
58%
47.7%AsiaCyprus
42%
32.2%AsiaArmenia
33%
49.2%AsiaKazakhstan
33%
51.4%EuropeMalta
33%
41.0%AfricaSierra Leone
17%

Score Distribution

Percentile by Number Answered

Percent of People with Each Score

Your Score History

You have not taken this quiz